Jali: Lattice Of Divine Light In Mughal Architecture (Record no. 356910)

MARC details
000 -LEADER
fixed length control field 00553nam a22001817a 4500
005 - DATE AND TIME OF LATEST TRANSACTION
control field 20240116141858.0
008 - FIXED-LENGTH DATA ELEMENTS--GENERAL INFORMATION
fixed length control field 240116b |||||||| |||| 00| 0 eng d
020 ## - INTERNATIONAL STANDARD BOOK NUMBER
International Standard Book Number 9789385 360749
041 ## - LANGUAGE CODE
Language code of text/sound track or separate title eng
082 ## - DEWEY DECIMAL CLASSIFICATION NUMBER
Classification number 720.92
Item number HAI
100 ## - MAIN ENTRY--PERSONAL NAME
Author Haidar N N.
245 ## - TITLE STATEMENT
Title Jali: Lattice Of Divine Light In Mughal Architecture
260 ## - PUBLICATION, DISTRIBUTION, ETC.
Place of publication, distribution, etc. Ahmedabad
Name of publisher, distributor, etc. Mapin Pulishing
Date of publication, distribution, etc. 2023
300 ## - PHYSICAL DESCRIPTION
Extent 268p
Other physical details Hb
Dimensions 30 x 25
365 ## - TRADE PRICE
Price type code INR
Price amount 2950.00
Currency code Rupaye
500 ## - GENERAL NOTE
Keywords Temple Jali Traditions<br/>Sacred Symbols<br/>Celestial Geometry<br/>Divine Order
942 ## - ADDED ENTRY ELEMENTS (KOHA)
Koha item type Books
Holdings
Withdrawn status Lost status Source of classification or shelving scheme Damaged status Not for loan Home library Current library Date acquired Vendor Budget Code Net Price Bill number Total Checkouts Full call number Barcode Date last seen Date last checked out Discount Actual Price Bill Date Koha item type
    Dewey Decimal Classification     Dr. Bhanuben Nanavati College of Architecture Dr. Bhanuben Nanavati College of Architecture 16/01/2024 Word Book Shop B Arch 1858.50 1861 2 720.92 HAI BNCA-Bk-12533 31/08/2024 07/08/2024 375 2950.00 27/12/2023 Reference book